000 00568pab a2200193 454500
008 180718b2012 xxu||||| |||| 00| 0 eng d
100 _aGunaruwan, T. Lalithasiri
245 _aTransport sector driving economic activity in Sri Lanka: Opportunities and challenges
260 _c2012
300 _ap.291-311.
362 _aSep
650 _aEconomic and social development - Sri Lanka
650 _aTransport - Sri Lanka
650 _aTransport
700 _aJayasekera, D. Harshanee
773 _aSouth Asia Economic Journal
908 _aN
909 _a98807
999 _c98806
_d98806